[Event "Scarborough CC-ch Reserves"]
[Site "Toronto"]
[Date "2012.03.29"]
[Round "2"]
[White "Bellomo, Joe"]
[Black "Ward, Dean"]
[Result "0-1"]
[WhiteElo "1533"]
[BlackElo "1725"]
[PlyCount "146"]
[EventDate "2012.03.22"]
[EventType "swiss"]
[EventRounds "9"]
[EventCountry "CAN"]
[SourceTitle "EXT 2022"]
[Source "ChessBase"]
[SourceDate "2021.10.06"]
[SourceVersion "1"]
[SourceVersionDate "2021.10.06"]
[SourceQuality "1"]

1. e4 e6 2. d4 d5 3. Nc3 dxe4 4. Nxe4 Bd7 5. Nf3 Bc6 6. Bd3 Nd7 7. 0-0 Be7 8. Bf4 Ngf6 9. Nxf6+ Nxf6 10. c3 0-0 11. Ne5 Be4 12. Be2 b6 13. Re1 Bb7 14. Bf1 c5 15. Be3 cxd4 16. Bxd4 Qc7 17. Ng4 Rad8 18. Qe2 Qf4 19. Ne5 Bd6 20. g3 Qf5 21. f4 Nd7 22. Nxd7 Rxd7 23. Bg2 Bxg2 24. Qxg2 Rfd8 25. Qe4 Bc5 26. Qxf5 Bxd4+ 27. cxd4 exf5 28. Rad1 g6 29. Rc1 Kf8 30. Rc2 Rxd4 31. Ree2 R8d7 32. Kg2 Re4 33. Rf2 Rde7 34. Rfd2 f6 35. Kf2 Kf7 36. Rc8 g5 37. fxg5 fxg5 38. Rc3 h6 39. Rf3 Kg6 40. h3 R7e6 41. Rc2 a5 42. Rfc3 f4 43. g4 Kf6 44. Rd3 Re3 45. Rxe3 Rxe3 46. Rc6+ Re6 47. Rc3 Ke5 48. Rc2 Kd4 49. Rd2+ Kc4 50. Rd8 Kc5 51. Rc8+ Rc6 52. Re8 b5 53. Re5+ Kb4 54. a3+ Ka4 55. b3+ Kxb3 56. Rxb5+ Ka4 57. Rd5 Rc2+ 58. Kg1 Rc3 59. Kg2 Rxa3 60. Rd6 Rg3+ 61. Kh2 Ka3 62. Rxh6 Rb3 63. Rg6 Rb5 64. Rf6 Kb4 65. h4 gxh4 66. Rxf4+ Kb3 67. Kh3 a4 68. Kxh4 a3 69. g5 Rb4 70. Rxb4+ Kxb4 71. g6 a2 72. g7 a1Q 73. g8Q Qh1+ 0-1

[Event "Scarborough CC-ch Reserves"]
[Site "Toronto"]
[Date "2012.03.22"]
[Round "1"]
[White "Ward, Dean"]
[Black "Liang, Phillip"]
[Result "0-1"]
[WhiteElo "1725"]
[BlackElo "1584"]
[PlyCount "92"]
[EventDate "2012.03.22"]
[EventType "swiss"]
[EventRounds "9"]
[EventCountry "CAN"]
[SourceTitle "EXT 2022"]
[Source "ChessBase"]
[SourceDate "2021.10.06"]
[SourceVersion "1"]
[SourceVersionDate "2021.10.06"]
[SourceQuality "1"]

1. d4 e6 2. c4 Bb4+ 3. Bd2 Qe7 4. Nc3 Nf6 5. Qc2 Bxc3 6. Bxc3 d6 7. Nf3 Nbd7 8. g3 0-0 9. Bg2 e5 10. Nd2 exd4 11. Bxd4 Re8 12. e3 c6 13. 0-0 Ne5 14. Rfe1 Be6 15. h3 c5 16. Bc3 Qd7 17. Kh2 Qe7 18. Rad1 Rad8 19. a3 Nc6 20. Qa4 d5 21. b4 d4 22. exd4 cxd4 23. Bb2 Qc7 24. Qc2 Ne5 25. c5 b6 26. Ne4 Nxe4 27. Bxe4 bxc5 28. bxc5 Bd5 29. Bxd5 Rxd5 30. Qe4 Red8 31. f4 Ng6 32. Bxd4 Qd7 33. f5 Nf8 34. c6 Qxc6 35. Rd2 Qc4 36. Red1 R5d7 37. Qg4 f6 38. Be3 Rxd2+ 39. Rxd2 Rxd2+ 40. Bxd2 Qa2 41. Qb4 Qd5 42. g4 Qe5+ 43. Qf4 Qe2+ 44. Kg3 Qd3+ 45. Kh4 g5+ 46. fxg6 Nxg6+ 0-1

[Event "Scarborough CC Winter End U1800"]
[Site "Toronto"]
[Date "2012.03.01"]
[Round "3"]
[White "Ward, Dean"]
[Black "Zhao, Yanchun"]
[Result "0-1"]
[WhiteElo "1743"]
[BlackElo "1306"]
[PlyCount "120"]
[EventDate "2012.02.16"]
[EventType "swiss"]
[EventRounds "5"]
[EventCountry "CAN"]
[SourceTitle "EXT 2022"]
[Source "ChessBase"]
[SourceDate "2021.10.06"]
[SourceVersion "1"]
[SourceVersionDate "2021.10.06"]
[SourceQuality "1"]

1. d4 d5 2. c4 e6 3. Nc3 Nf6 4. Bg5 Be7 5. e3 Nbd7 6. Nf3 0-0 7. cxd5 exd5 8. Bd3 h6 9. Bh4 c5 10. dxc5 Nxc5 11. Bc2 Be6 12. 0-0 Qd6 13. Bg3 Qd8 14. Nd4 Bg4 15. f3 Bd7 16. a3 a6 17. b4 Ne6 18. Nf5 Ng5 19. Nxe7+ Qxe7 20. Re1 Bc6 21. Qd3 g6 22. h4 Ngh7 23. Bf2 Rfe8 24. Ba4 b5 25. Bb3 Red8 26. Qe2 Qe5 27. Rac1 Bb7 28. f4 Qe6 29. e4 Nxe4 30. Nxe4 Qxe4 31. Qxe4 dxe4 32. Rc7 Bd5 33. Bxd5 Rxd5 34. Rxe4 Nf6 35. Re1 Rad8 36. Rc6 R8d6 37. Rxd6 Rxd6 38. g3 Rd3 39. Re3 Rxe3 40. Bxe3 Ne4 41. Kg2 f5 42. Kf3 h5 43. Kg2 Kf7 44. Bf2 Ke6 45. Be1 Kd5 46. Kf3 Kd4 47. Ke2 Kc4 48. Ke3 Nc3 49. Bxc3 Kxc3 50. Ke2 Kb3 51. Kd3 Kxa3 52. Kc3 Ka4 53. Kd4 Kxb4 54. Ke5 Kc5 55. Kf6 b4 56. Kxg6 b3 57. Kxf5 b2 58. Kg5 b1Q 59. Kxh5 Qh7+ 60. Kg4 Qg6+ 0-1

[Event "Scarborough CC-ch Reserves"]
[Site "Toronto"]
[Date "2011.03.31"]
[Round "6"]
[White "Zhang, John"]
[Black "Ward, Dean"]
[Result "0-1"]
[WhiteElo "1612"]
[BlackElo "1811"]
[PlyCount "42"]
[EventDate "2011.02.24"]
[EventType "swiss"]
[EventRounds "9"]
[EventCountry "CAN"]
[SourceTitle "EXT 2022"]
[Source "ChessBase"]
[SourceDate "2021.10.06"]
[SourceVersion "1"]
[SourceVersionDate "2021.10.06"]
[SourceQuality "1"]

1. e4 c5 2. Nf3 d6 3. d4 cxd4 4. Nxd4 Nf6 5. Nc3 g6 6. Be3 Bg7 7. f3 Nc6 8. Qd2 h5 9. 0-0-0 Nd7 10. Bb5 Nce5 11. h3 a6 12. Be2 Nb6 13. Bf4 Nec4 14. Qe1 e5 15. b3 exd4 16. bxc4 dxc3 17. c5 Nd7 18. Rxd6 Qa5 19. Bc4 Qxc5 20. Bb3 Bh6 21. Qg3 Qxd6 0-1

[Event "Scarborough CC-ch Reserves"]
[Site "Toronto"]
[Date "2011.03.03"]
[Round "2"]
[White "Verde, Pino"]
[Black "Ward, Dean"]
[Result "0-1"]
[WhiteElo "1694"]
[BlackElo "1811"]
[PlyCount "76"]
[EventDate "2011.02.24"]
[EventType "swiss"]
[EventRounds "9"]
[EventCountry "CAN"]
[SourceTitle "EXT 2022"]
[Source "ChessBase"]
[SourceDate "2021.10.06"]
[SourceVersion "1"]
[SourceVersionDate "2021.10.06"]
[SourceQuality "1"]

1. b3 d5 2. Bb2 Nc6 3. e3 e5 4. Bb5 Qg5 5. Nf3 Qxg2 6. Rg1 Qh3 7. Bxe5 Bg4 8. Rg3 Bxf3 9. Qxf3 Qe6 10. Bxg7 Bxg7 11. Rxg7 0-0-0 12. Bxc6 Qxc6 13. Qxf7 Nh6 14. Qf4 Rhf8 15. Qg3 Nf5 16. Qh3 Qf6 17. Rxc7+ Kxc7 18. Nc3 h6 19. Rc1 Kb8 20. Qf3 Nh4 21. Qg3+ Ka8 22. Nb5 Nf3+ 23. Kd1 a6 24. Nc3 Ng5 25. f4 Ne4 26. Nxe4 dxe4 27. c4 Rg8 28. Qf2 Qg7 29. Kc2 Qg2 30. Rf1 Qxf2 31. Rxf2 Rg4 32. f5 Rf8 33. d4 exd3+ 34. Kxd3 Rd8+ 35. Ke2 Kb8 36. Kf3 Rg5 37. Kf4 Rxf5+ 38. Kg3 Rg8+ 0-1

[Event "Toronto Howard Ridout Swiss U2000"]
[Site "Toronto"]
[Date "2010.09.30"]
[Round "4"]
[White "Bellissimo, Joseph F"]
[Black "Ward, Dean"]
[Result "1-0"]
[WhiteElo "1871"]
[BlackElo "1792"]
[PlyCount "95"]
[EventDate "2010.09.09"]
[EventType "swiss"]
[EventRounds "6"]
[EventCountry "CAN"]
[SourceTitle "EXT 2022"]
[Source "ChessBase"]
[SourceDate "2021.10.06"]
[SourceVersion "1"]
[SourceVersionDate "2021.10.06"]
[SourceQuality "1"]

1. e4 c5 2. Nf3 d6 3. d4 cxd4 4. Nxd4 Nf6 5. Nc3 g6 6. Be3 Nc6 7. Qd2 Ng4 8. 0-0-0 Nxe3 9. fxe3 Bh6 10. Kb1 0-0 11. h4 Bg4 12. Be2 Bxe2 13. Qxe2 Qb6 14. Nd5 Qd8 15. h5 Nxd4 16. exd4 Bg7 17. hxg6 fxg6 18. Qc4 Kh8 19. Qb3 Qd7 20. Qg3 Kg8 21. Qh4 h6 22. Nxe7+ Kh7 23. Nd5 Rac8 24. e5 dxe5 25. dxe5 Qf5 26. Nf6+ Rxf6 27. exf6 Rxc2 28. Qh3 Rxb2+ 29. Kxb2 Bxf6+ 30. Kb3 Qb5+ 31. Kc2 Qe2+ 32. Rd2 Qe4+ 33. Kd1 Qb1+ 34. Ke2 Qe4+ 35. Kf1 Qf4+ 36. Ke1 Qe5+ 37. Re2 Qa5+ 38. Kf1 Qg5 39. Qd7+ Bg7 40. Kg1 Qc5+ 41. Rf2 Qe3 42. Qd2 Qc5 43. Rh3 Qe5 44. Rf7 Qa1+ 45. Kh2 Qe5+ 46. Qf4 Kg8 47. Rf8+ Kh7 48. Rxh6+ 1-0

[Event "Scarborough CC LH Summer op"]
[Site "Toronto"]
[Date "2010.06.24"]
[Round "8"]
[White "Ward, Dean"]
[Black "Moran Venegas, Mario"]
[Result "0-1"]
[WhiteElo "1840"]
[BlackElo "1722"]
[PlyCount "108"]
[EventDate "2010.04.29"]
[EventType "swiss"]
[EventRounds "8"]
[EventCountry "CAN"]
[SourceTitle "EXT 2022"]
[Source "ChessBase"]
[SourceDate "2021.10.06"]
[SourceVersion "1"]
[SourceVersionDate "2021.10.06"]
[SourceQuality "1"]

1. d4 Nf6 2. c4 g6 3. Nc3 d5 4. Bg5 Ne4 5. Nxe4 dxe4 6. e3 Bg7 7. Qc2 c6 8. Bf4 Qa5+ 9. Qc3 Qxc3+ 10. bxc3 Nd7 11. Ne2 0-0 12. Ng3 f5 13. c5 Nf6 14. Bc4+ e6 15. 0-0 Nd5 16. Bd6 Re8 17. Ne2 b5 18. cxb6 axb6 19. Rac1 Ba6 20. Bxa6 Rxa6 21. c4 Ne7 22. Rc2 Nc8 23. Bb4 Kf7 24. Rfc1 Ne7 25. g3 Rea8 26. a3 Rc8 27. Ra2 c5 28. dxc5 bxc5 29. Bc3 e5 30. a4 Nc6 31. a5 Nb4 32. Bxb4 cxb4 33. Ra4 Bf8 34. Rc2 Rca8 35. c5 b3 36. Rb2 Bxc5 37. Rxb3 Rxa5 38. Rxa5 Rxa5 39. Rb7+ Be7 40. Nc3 g5 41. Nb5 Ra6 42. Nc7 Rd6 43. Nb5 Rd1+ 44. Kg2 f4 45. gxf4 exf4 46. Nc3 f3+ 47. Kh3 Rg1 48. Rxe7+ Kxe7 49. Nxe4 h5 50. Ng3 h4 51. Nf5+ Kf7 52. Nd4 Kg6 53. Nxf3 g4+ 54. Kxh4 gxf3 0-1

[Event "Scarborough CC LH Summer op"]
[Site "Toronto"]
[Date "2010.04.29"]
[Round "1"]
[White "Radpey, Abdolreza"]
[Black "Ward, Dean"]
[Result "1-0"]
[WhiteElo "1587"]
[BlackElo "1840"]
[PlyCount "59"]
[EventDate "2010.04.29"]
[EventType "swiss"]
[EventRounds "8"]
[EventCountry "CAN"]
[SourceTitle "EXT 2022"]
[Source "ChessBase"]
[SourceDate "2021.10.06"]
[SourceVersion "1"]
[SourceVersionDate "2021.10.06"]
[SourceQuality "1"]

1. Nf3 d5 2. d4 Nf6 3. g3 Nc6 4. Bg2 Bf5 5. Nh4 Be4 6. f3 Bg6 7. Nc3 h6 8. Nxg6 fxg6 9. Qd3 g5 10. Qg6+ Kd7 11. Bh3+ g4 12. fxg4 e6 13. g5 Qe8 14. Qxe8+ Nxe8 15. gxh6 Nxd4 16. 0-0 gxh6 17. Nxd5 Nxe2+ 18. Kg2 Nxc1 19. Raxc1 Kd6 20. Nf4 e5 21. Rcd1+ Kc6 22. Bd7+ Kb6 23. Nd5+ Kc5 24. b4+ Kc4 25. Rfe1 c6 26. Re4+ Kb5 27. a4+ Ka6 28. b5+ cxb5 29. axb5+ Ka5 30. Ra1+ 1-0

[Event "Scarborough CC-ch Reserves op"]
[Site "Toronto"]
[Date "2010.04.15"]
[Round "8"]
[White "Ward, Dean"]
[Black "Ugodnikov, Arkadiy"]
[Result "1-0"]
[WhiteElo "1806"]
[BlackElo "1785"]
[PlyCount "61"]
[EventDate "2010.02.25"]
[EventType "swiss"]
[EventRounds "9"]
[EventCountry "CAN"]
[SourceTitle "EXT 2022"]
[Source "ChessBase"]
[SourceDate "2021.10.06"]
[SourceVersion "1"]
[SourceVersionDate "2021.10.06"]
[SourceQuality "1"]

1. d4 Nf6 2. c4 c5 3. a3 cxd4 4. Qxd4 Nc6 5. Qh4 g6 6. Nf3 h5 7. Nc3 d5 8. Bf4 a6 9. cxd5 Na5 10. Be5 Bg7 11. b4 Nb3 12. Rb1 Na5 13. bxa5 Qxa5 14. Qb4 Qd8 15. e4 0-0 16. Be2 b5 17. 0-0 Ng4 18. Bxg7 Kxg7 19. h3 Nf6 20. Nd4 Bd7 21. e5 Ng8 22. Bf3 Rc8 23. Rfe1 Rc4 24. Qb2 Rxd4 25. Ne2 Rc4 26. e6+ Nf6 27. exd7 Qxd7 28. Nc3 Kh7 29. Ne4 Nxd5 30. Rbd1 Qf5 31. Rxd5 1-0

[Event "Scarborough CC-ch Reserves op"]
[Site "Toronto"]
[Date "2010.04.01"]
[Round "6"]
[White "Ward, Dean"]
[Black "Fiedler, Brian"]
[Result "0-1"]
[WhiteElo "1806"]
[BlackElo "2161"]
[PlyCount "58"]
[EventDate "2010.02.25"]
[EventType "swiss"]
[EventRounds "9"]
[EventCountry "CAN"]
[SourceTitle "EXT 2022"]
[Source "ChessBase"]
[SourceDate "2021.10.06"]
[SourceVersion "1"]
[SourceVersionDate "2021.10.06"]
[SourceQuality "1"]

1. d4 g6 2. e4 d6 3. Bc4 Nf6 4. Nc3 Bg7 5. f3 0-0 6. Be3 c6 7. Qd2 d5 8. exd5 cxd5 9. Bd3 Nc6 10. a3 e5 11. dxe5 d4 12. exf6 Bxf6 13. Bxd4 Bxd4 14. 0-0-0 Qb6 15. Re1 Be6 16. Na4 Qc7 17. Ne2 Bg7 18. Kb1 Rfd8 19. Qg5 Ne5 20. Nf4 Bc4 21. Bxc4 Qxc4 22. Re4 Qc6 23. Nc3 f6 24. Qg3 f5 25. Ree1 Nc4 26. Re6 Nxa3+ 27. Kc1 Bxc3 28. bxc3 Qxc3 29. Rxg6+ Kh8 0-1

[Event "Toronto Scarborough CC Falling Leaves"]
[Site "Toronto"]
[Date "2009.12.10"]
[Round "6"]
[White "Ugodnikov, Arkadiy"]
[Black "Ward, Dean"]
[Result "1-0"]
[WhiteElo "1818"]
[BlackElo "1766"]
[PlyCount "121"]
[EventDate "2009.11.05"]
[EventType "swiss"]
[EventRounds "7"]
[EventCountry "CAN"]
[SourceTitle "EXT 2011"]
[Source "ChessBase"]
[SourceDate "2010.11.26"]
[SourceVersion "1"]
[SourceVersionDate "2010.11.26"]
[SourceQuality "1"]

1. e4 c5 2. Nf3 d6 3. Bb5+ Bd7 4. Bxd7+ Nxd7 5. 0-0 g6 6. c3 Ngf6 7. Re1 Bg7 8. d4 0-0 9. Bg5 Qb6 10. Qd2 Rfd8 11. Na3 Rac8 12. Rac1 Nf8 13. d5 e6 14. Rcd1 exd5 15. exd5 Re8 16. Nc4 Rxe1+ 17. Rxe1 Qa6 18. Na3 N8d7 19. c4 Nb6 20. Qc2 Re8 21. Nb5 Rxe1+ 22. Nxe1 Nbxd5 23. Qd3 Nb4 24. Qxd6 Qxd6 25. Nxd6 Nxa2 26. Nxb7 Ne4 27. Be3 Bxb2 28. Nxc5 Nxc5 29. Bxc5 Bc3 30. Nd3 a5 31. Ba3 Nb4 32. Nc5 Nc2 33. Bc1 Kf8 34. Kf1 Ke7 35. Na4 Bb4 36. Ke2 Ke6 37. Bb2 Kf5 38. g3 Kg4 39. h4 f5 40. Be5 Na3 41. c5 Nc4 42. c6 Nd6 43. Nb6 Bc5 44. c7 Bxb6 45. Bxd6 Bxc7 46. Bxc7 a4 47. Bd6 Kh3 48. Kf3 Kh2 49. Kf4 Kg2 50. f3 Kf2 51. g4 fxg4 52. fxg4 Ke2 53. h5 gxh5 54. gxh5 Kd3 55. Kg5 Ke4 56. Ba3 Ke5 57. Bb2+ Ke6 58. Kh6 Kf7 59. Kxh7 Kf8 60. Kg6 Kg8 61. h6 1-0

[Event "Toronto Howard Ridout op"]
[Site "Toronto"]
[Date "2009.10.15"]
[Round "6"]
[White "Kurkowski, Ken"]
[Black "Ward, Dean"]
[Result "0-1"]
[WhiteElo "1690"]
[BlackElo "1800"]
[PlyCount "94"]
[EventDate "2009.09.10"]
[EventType "swiss"]
[EventRounds "8"]
[EventCountry "CAN"]
[SourceTitle "EXT 2011"]
[Source "ChessBase"]
[SourceDate "2010.11.26"]
[SourceVersion "1"]
[SourceVersionDate "2010.11.26"]
[SourceQuality "1"]

1. d4 d5 2. c4 e6 3. Nf3 c6 4. g3 dxc4 5. Bg2 b5 6. a4 Bb7 7. 0-0 Nf6 8. Qc2 a6 9. Rd1 Qc8 10. e4 Be7 11. Be3 0-0 12. b3 cxb3 13. Qxb3 Nxe4 14. Nbd2 Nf6 15. Ne5 Nd5 16. Ne4 Nxe3 17. fxe3 Nd7 18. Nxd7 Qxd7 19. Nc5 Bxc5 20. dxc5 Qc7 21. Rd6 Rfd8 22. Rad1 Rxd6 23. Rxd6 Rd8 24. Qd1 Rxd6 25. cxd6 Qd7 26. axb5 axb5 27. Qd4 f6 28. Qb6 Kf7 29. Qc7 Qxc7 30. dxc7 b4 31. Bxc6 Bc8 32. Kf2 Ke7 33. Ke2 Kd6 34. Be4 f5 35. Bd3 Kxc7 36. Kd2 Kd6 37. Kc2 Kc5 38. Kb3 h6 39. h4 g5 40. hxg5 hxg5 41. e4 f4 42. gxf4 gxf4 43. Be2 e5 44. Bf3 Be6+ 45. Kb2 Kd4 46. Bg2 Bc4 47. Bf3 Bd3 0-1

[Event "Toronto Howard Ridout op"]
[Site "Toronto"]
[Date "2009.10.08"]
[Round "5"]
[White "Ward, Dean"]
[Black "Morra, Lui"]
[Result "0-1"]
[WhiteElo "1800"]
[BlackElo "1612"]
[PlyCount "62"]
[EventDate "2009.09.10"]
[EventType "swiss"]
[EventRounds "8"]
[EventCountry "CAN"]
[SourceTitle "EXT 2011"]
[Source "ChessBase"]
[SourceDate "2010.11.26"]
[SourceVersion "1"]
[SourceVersionDate "2010.11.26"]
[SourceQuality "1"]

1. c4 c5 2. Nf3 Nc6 3. Nc3 g6 4. Ne4 b6 5. d4 cxd4 6. Nxd4 Bb7 7. Nxc6 Bxc6 8. Ng3 Bg7 9. e4 d6 10. Bd3 Nf6 11. 0-0 0-0 12. Rb1 a6 13. Be3 b5 14. cxb5 axb5 15. a3 Qd7 16. Qe2 Ng4 17. Bd2 Ne5 18. Bc3 Nxd3 19. Qxd3 e5 20. Rfd1 Rfd8 21. Bb4 d5 22. exd5 Bxd5 23. Qe3 Qb7 24. f3 f5 25. Qg5 Qb6+ 26. Kh1 Bb3 27. Rxd8+ Rxd8 28. Re1 Bf6 29. Qe3 Qxe3 30. Rxe3 f4 31. Rxb3 Rd1+ 0-1

[Event "Scarborough CC-ch reserves U1700"]
[Site "Toronto"]
[Date "2009.03.12"]
[Round "3"]
[White "Ward, Dean"]
[Black "Lin, Tony"]
[Result "1-0"]
[WhiteElo "1700"]
[BlackElo "1346"]
[PlyCount "55"]
[EventDate "2009.02.26"]
[EventType "swiss"]
[EventRounds "9"]
[EventCountry "CAN"]
[SourceTitle "EXT 2011"]
[Source "ChessBase"]
[SourceDate "2010.11.26"]
[SourceVersion "1"]
[SourceVersionDate "2010.11.26"]
[SourceQuality "1"]

1. e4 c5 2. Nf3 e6 3. d4 cxd4 4. Nxd4 Nc6 5. Nc3 Qc7 6. Ndb5 Qb8 7. f4 a6 8. Nd4 Bc5 9. Nce2 Nf6 10. e5 Nd5 11. a3 Qa7 12. c3 b5 13. g3 Bb7 14. Bg2 Nde7 15. Rf1 Rd8 16. Be3 Nxd4 17. Bxb7 Qxb7 18. Bxd4 Bxd4 19. Nxd4 Nd5 20. Qf3 Qc7 21. 0-0-0 Qc4 22. Kb1 Rb8 23. f5 Rf8 24. fxe6 Ke7 25. Nf5+ Kxe6 26. Nxg7+ Kxe5 27. Rxd5+ Qxd5 28. Qf4# 1-0

[Event "Scarborough CC Jack Frost"]
[Site "Toronto"]
[Date "2009.02.12"]
[Round "6"]
[White "Kurkowski, Ken"]
[Black "Ward, Dean"]
[Result "1/2-1/2"]
[WhiteElo "1695"]
[BlackElo "1659"]
[PlyCount "79"]
[EventDate "2009.01.08"]
[EventType "swiss"]
[EventRounds "7"]
[EventCountry "CAN"]
[SourceTitle "EXT 2011"]
[Source "ChessBase"]
[SourceDate "2010.11.26"]
[SourceVersion "1"]
[SourceVersionDate "2010.11.26"]
[SourceQuality "1"]

1. e4 c5 2. c3 d6 3. d4 Nf6 4. Bd3 a6 5. a4 Qa5 6. Bd2 c4 7. Bc2 b5 8. Nf3 Bb7 9. Qe2 e6 10. 0-0 Be7 11. Re1 0-0 12. Bf4 Nbd7 13. Nbd2 Qb6 14. Bxd6 Bxd6 15. e5 Bb8 16. exf6 Nxf6 17. Ne5 Qc7 18. Ndf3 Nd7 19. Rad1 Nxe5 20. dxe5 h6 21. axb5 axb5 22. Nd4 Qc5 23. Be4 Qxe5 24. Bh7+ Kxh7 25. Qxe5 Bxe5 26. Rxe5 Bd5 27. Nxb5 f6 28. Ree1 Rab8 29. Nc7 Rxb2 30. Nxd5 exd5 31. Rxd5 Rc2 32. h3 Rxc3 33. Rc5 Rb8 34. Re7 Rc1+ 35. Kh2 c3 36. Rcc7 Rg8 37. Re3 c2 38. Rec3 Rd8 39. Rxc2 Rxc2 40. Rxc2 1/2-1/2

[Event "Scarborough CC Fall Swiss U1700"]
[Site "Toronto"]
[Date "2008.12.04"]
[Round "6"]
[White "Graham, John"]
[Black "Ward, Dean"]
[Result "0-1"]
[WhiteElo "1504"]
[BlackElo "1614"]
[PlyCount "66"]
[EventDate "2008.10.30"]
[EventType "swiss"]
[EventRounds "8"]
[EventCountry "CAN"]
[SourceTitle "EXT 2011"]
[Source "ChessBase"]
[SourceDate "2010.11.26"]
[SourceVersion "1"]
[SourceVersionDate "2010.11.26"]
[SourceQuality "1"]

1. e4 c5 2. c3 e6 3. Nf3 d5 4. exd5 exd5 5. Bb5+ Bd7 6. Bxd7+ Qxd7 7. d4 Qe6+ 8. Be3 Nf6 9. 0-0 Be7 10. Re1 0-0 11. dxc5 Qc8 12. Nbd2 Bxc5 13. Bxc5 Qxc5 14. Nb3 Qb6 15. Nfd4 Nc6 16. f3 a5 17. Kh1 a4 18. Nxc6 bxc6 19. Qd4 Rfb8 20. Qxb6 Rxb6 21. Nd4 c5 22. Nf5 Rxb2 23. Red1 Rab8 24. h3 Kf8 25. Ne3 Rd8 26. Nxd5 Rxd5 27. Re1 Rc2 28. Rab1 Rd8 29. Rb7 Re8 30. Rd1 Rxc3 31. g4 g5 32. Kg2 Rc2+ 33. Kf1 Rxa2 0-1

[Event "Scarborough CC Early Summer U1700"]
[Site "Toronto"]
[Date "2008.05.08"]
[Round "1"]
[White "Ward, Dean"]
[Black "Farrant Diaz, Nathan"]
[Result "1-0"]
[WhiteElo "1592"]
[BlackElo "1515"]
[PlyCount "125"]
[EventDate "2008.05.08"]
[EventType "swiss"]
[EventRounds "8"]
[EventCountry "CAN"]
[SourceTitle "EXT 2011"]
[Source "ChessBase"]
[SourceDate "2010.11.26"]
[SourceVersion "1"]
[SourceVersionDate "2010.11.26"]
[SourceQuality "1"]

1. e4 b6 2. d4 Bb7 3. Nc3 e6 4. a3 Nf6 5. Bd3 c5 6. Nf3 Nc6 7. dxc5 Bxc5 8. h3 Nd4 9. Nxd4 Bxd4 10. Nb5 Be5 11. f4 Bc7 12. Nxc7+ Qxc7 13. Qe2 0-0 14. e5 Nd5 15. Bd2 Rac8 16. 0-0-0 Ba6 17. Qe4 Bxd3 18. Qxd3 d6 19. exd6 Qxd6 20. Kb1 Qc7 21. Rhf1 Rfd8 22. Qb3 Nxf4 23. Bxf4 Rxd1+ 24. Rxd1 Qxf4 25. Qd3 h6 26. Qd7 Qc7 27. Qa4 Qc6 28. Qxc6 Rxc6 29. Rd8+ Kh7 30. Rd7 f6 31. Rxa7 Rd6 32. Kc1 e5 33. Rc7 e4 34. g4 Kg6 35. Re7 Rd4 36. c3 Rc4 37. Kd2 b5 38. b3 Rc5 39. Rxe4 Kg5 40. Re3 Kh4 41. Kd3 f5 42. gxf5 Rxf5 43. Kd4 g5 44. c4 Rf4+ 45. Kc5 bxc4 46. bxc4 g4 47. hxg4 Kxg4 48. a4 h5 49. a5 h4 50. a6 h3 51. Re1 Rf2 52. Ra1 h2 53. a7 Ra2 54. Rxa2 h1Q 55. a8Q Qg1+ 56. Kb5 Qb1+ 57. Kc5 Qg1+ 58. Kd6 Qb6+ 59. Kd5 Qc7 60. Qg8+ Kf3 61. Qg2+ Ke3 62. Re2+ Kd3 63. Qf3# 1-0